00622nam a2200205 a 450000100060000000300090000600800410001502000150005604000280007104100120009908200160011110000270012724500280015424600670018226000410024930000240029049000580031452100190037265000250039125910CO-ViMGA141112s2004 ck r 000 u spa d a9806437411 aCO-ViMGAbspacCO-ViMGA aspa fre04a612.88 J26s1 aJeneusse, Albin Michel10aLas sorpresas del tacto aLas sorpresas del tacto : experimentos fáciles y divertidos. aMaracay : bPlayco Editores, cc2003 a83 p. : il. ; 18 cm aCiencia de bolsillo. Los pequeños científicos ; 6 a8 - 12 años.14aTacto - Experimentos